Reports on astronomy (Record no. 10532)

MARC details
000 -LEADER
fixed length control field 00661nam a2200205Ia 4500
003 - CONTROL NUMBER IDENTIFIER
control field IN-BaIIA
008 - FIXED-LENGTH DATA ELEMENTS--GENERAL INFORMATION
fixed length control field 211028s9999 xx 000 0 eng d
020 ## - INTERNATIONAL STANDARD BOOK NUMBER
International Standard Book Number 90-277-0154-7
040 ## - CATALOGING SOURCE
Transcribing agency IIA Library
080 ## - UNIVERSAL DECIMAL CLASSIFICATION NUMBER
Universal Decimal Classification number 082.2:52
Item number JAG
100 ## - MAIN ENTRY--PERSONAL NAME
Personal name Jager, C. D.
9 (RLIN) 17904
245 #0 - TITLE STATEMENT
Title Reports on astronomy
Remainder of title vol. XIVA
Statement of responsibility, etc. C. D. Jager
260 ## - PUBLICATION, DISTRIBUTION, ETC.
Place of publication, distribution, etc. Dordrecht
Name of publisher, distributor, etc. D. Reidel Publishing
Date of publication, distribution, etc. 1970
300 ## - PHYSICAL DESCRIPTION
Extent viii,566p
490 ## - SERIES STATEMENT
Series statement Transaction of the International Astronomical Union; v. XIVA
650 ## - SUBJECT ADDED ENTRY--TOPICAL TERM
Topical term or geographic name entry element Astronomy
9 (RLIN) 80
650 ## - SUBJECT ADDED ENTRY--TOPICAL TERM
Topical term or geographic name entry element Astronomy and Astrophysics Thesaurus
650 ## - SUBJECT ADDED ENTRY--TOPICAL TERM
Topical term or geographic name entry element IAU Transactions
9 (RLIN) 5483
942 ## - ADDED ENTRY ELEMENTS (KOHA)
Koha item type Books
Holdings
Withdrawn status Lost status Damaged status Not for loan Home library Current library Shelving location Date acquired Total Checkouts Full call number Barcode Date last seen Price effective from Koha item type
        IIA Library-Bangalore IIA Library-Kodaikanal General Stacks 21/12/1992   082.2:52/ JAG 11443 05/11/2021 21/12/1992 Books

Powered by Koha